| 000 | 00465nam a2200181Ia 4500 | ||
|---|---|---|---|
| 003 | GCL | ||
| 008 | 140319s9999 xx 000 0 eng d | ||
| 040 |
_aGCL / _cGCL |
||
| 082 | 0 | 4 |
_a746.39 _bS N |
| 100 | 1 | _aSPRING, CHRISTOPHER | |
| 245 | 1 | 0 |
_aNORTH AFRICAN TEXTILES / _cSPRING, CHRISTOPHER |
| 700 | 1 | _aHUDSON, JULIE | |
| 260 |
_a[S.N] : _bBRITISH MUSEUM PRESS ، _c1995 |
||
| 300 | _a144 P | ||
| 650 | 0 | 4 | _aTEXTILE |
| 650 | 0 | 4 | _aNORTH AFRICA |
| 942 |
_2ddc _cBK |
||
| 999 |
_c10553 _d10553 |
||